000 00710nam a2200205Ia 4500
003 GCL
008 140319s9999 xx 000 0 ara d
040 _aGCL /
_cGCL
082 0 4 _a375.001
_bن ت
100 1 _aمصطفى ابراهيم فهمى
245 1 0 _aتعلم العلم فى القرن الحادى والعشرين /
_cمصطفى ابراهيم فهمى
700 1 _aنخبة من العلماء والمربين
250 _aالاولى
260 _aالقاهرة :
_bدار العين للنشر ،
_c2004
300 _a395 ص ؛
_c24 سم
650 0 4 _aالتعلم
650 0 4 _aالفيزياء - دراسة وتعليم
650 0 4 _aالمناهج - تطوير
942 _2ddc
_cBK
999 _c9784
_d9784